000 00717cab a2200229 4500
001 WB3219-53
008 090401t1996 xxu||||| |||| 00| 0 eng d
035 _a(Sirsi) u1959
041 _aeng
245 _aMoD to help cut concrete jungle
260 _c1996
350 _a0
490 _aWestern Morning News
_v9 May 1996, 3(1)
520 _aThe SoS Environment is to press the Ministry of Defence for early release of its empty land and homes in Devon following a meeting with some of the county`s Conservative MPs.
650 _aDEFENCE LAND
650 _aDEFENCE PROPERTY
650 _aEMPTY HOMES
650 _aSURPLUS LAND
690 _aPLANNING LAW AND PRACTICE
942 _n0
948 _c04/03/1997
999 _c1154
_d1154